[Event "First Saturday 2008 szeptember IM-A"]
[Site "Budapest"]
[Date "2008.09.06"]
[Round "1"]
[White "Lengyel, Bela"]
[Black "Konnyu, Janos"]
[Result "1/2-1/2"]
[WhiteElo "2286"]
[BlackElo "2314"]
[PlyCount "56"]
[EventDate "2008.09.06"]

1. e4 c5 2. Nf3 Nc6 3. d4 cxd4 4. Nxd4 Nf6 5. Nc3 e5 6. Ndb5 d6 7. Bg5 a6 8.
Na3 b5 9. Nd5 Be7 10. Bxf6 Bxf6 11. c3 Ne7 12. Nc2 Nxd5 13. Qxd5 Rb8 14. Nb4
Bb7 15. Qd3 O-O 16. Rd1 Be7 17. Be2 Rc8 18. O-O Rc5 19. Bf3 Qa8 20. Rfe1 Kh8
21. Nc2 g6 22. Ne3 f5 23. Nf1 fxe4 24. Bxe4 Rc4 25. Bxb7 Qxb7 26. Ne3 Rcf4 27.
Re2 Qa7 28. Rf1 R4f7 1/2-1/2

[Event "First Saturday 2008 szeptember IM-A"]
[Site "Budapest"]
[Date "2008.09.06"]
[Round "1"]
[White "Werner, Dimo"]
[Black "Vegh, Endre"]
[Result "1/2-1/2"]
[WhiteElo "2329"]
[BlackElo "2298"]
[PlyCount "29"]
[EventDate "2008.09.06"]

1. Nf3 Nf6 2. c4 c5 3. Nc3 b6 4. e3 e6 5. Be2 Bb7 6. O-O Be7 7. b3 O-O 8. Bb2
d5 9. cxd5 Nxd5 10. d4 Nxc3 11. Bxc3 Nc6 12. Rc1 Rc8 13. dxc5 Bxc5 14. Qxd8
Rfxd8 15. Rfd1 1/2-1/2

[Event "First Saturday 2008 szeptember IM-A"]
[Site "Budapest"]
[Date "2008.09.06"]
[Round "1"]
[White "Simonyi, Zoltan"]
[Black "Parkanyi, Attila"]
[Result "0-1"]
[WhiteElo "2247"]
[BlackElo "2393"]
[PlyCount "100"]
[EventDate "2008.09.06"]

1. d4 Nf6 2. c4 c5 3. Nf3 cxd4 4. Nxd4 g6 5. Nc3 Nc6 6. e4 Nxd4 7. Qxd4 d6 8.
Be3 Bg7 9. Be2 O-O 10. Qd2 Be6 11. Rc1 Qa5 12. O-O Rfc8 13. b3 a6 14. Bf3 Qb4
15. Rfd1 Nd7 16. h3 Be5 17. g4 b5 18. Nd5 Qxd2 19. Rxd2 Bxd5 20. Rxd5 bxc4 21.
Rxc4 Rxc4 22. bxc4 Rc8 23. Ra5 Rc6 24. Be2 Nc5 25. Bxc5 dxc5 26. Ra3 g5 27. Kf1
Kg7 28. Bd1 Bd4 29. Ke2 Re6 30. Bc2 h5 31. gxh5 Kh6 32. Rf3 f6 33. Rf5 Be5 34.
Ba4 Rb6 35. Be8 Rb2+ 36. Kf1 Rxa2 37. Rf3 a5 38. Rb3 g4 39. hxg4 Bd4 40. Rb7
Kg5 41. h6 Kxh6 42. f4 a4 43. Ra7 a3 44. Ke1 Bc3+ 45. Kd1 Rd2+ 46. Kc1 a2 47.
e5 Rf2 48. exf6 exf6 49. Bd7 a1=Q+ 50. Rxa1 Bxa1 0-1

[Event "First Saturday 2008 szeptember IM-A"]
[Site "Budapest"]
[Date "2008.09.07"]
[Round "2"]
[White "Perez Aleman, Pedro T"]
[Black "Werner, Dimo"]
[Result "0-1"]
[WhiteElo "2210"]
[BlackElo "2329"]
[PlyCount "102"]
[EventDate "2008.09.06"]

1. Nf3 g6 2. c4 Bg7 3. e4 c5 4. d4 d6 5. Nc3 Bg4 6. d5 Na6 7. Be2 Nc7 8. Qd3
Nf6 9. O-O O-O 10. Ng5 Bxe2 11. Qxe2 a6 12. a4 h6 13. Nh3 e6 14. f4 exd5 15.
exd5 Re8 16. Qf3 b5 17. axb5 axb5 18. Rxa8 Qxa8 19. b3 Qa6 20. g4 b4 21. Ne2
Nfxd5 22. Ng3 Bd4+ 23. Kh1 Nc3 24. g5 h5 25. f5 Qa8 26. Qxa8 Nxa8 27. Nf4 h4
28. Ngh5 gxh5 29. Nxh5 Ne2 30. Bd2 Nc7 31. Re1 h3 32. Rf1 Re4 33. g6 fxg6 34.
fxg6 Ne6 35. Bh6 Rg4 36. g7 Rg1+ 37. Rxg1 Nxg1 38. Nf4 Nxf4 39. Bxf4 d5 40.
cxd5 Ne2 41. Bd6 Nc1 42. Be7 Nxb3 43. d6 Be5 44. d7 Bc7 45. Bd6 Bd8 46. Bf8 Bb6
47. Be7 Kxg7 48. Kg1 Kf7 49. d8=Q Bxd8 50. Bxd8 c4 51. Kf2 c3 0-1

[Event "First Saturday 2008 szeptember IM-A"]
[Site "Budapest"]
[Date "2008.09.07"]
[Round "2"]
[White "Konnyu, Janos"]
[Black "To Nhat, Minh"]
[Result "0-1"]
[WhiteElo "2314"]
[BlackElo "2322"]
[PlyCount "54"]
[EventDate "2008.09.06"]

1. e4 Nf6 2. e5 Nd5 3. d4 d6 4. c4 Nb6 5. f4 g6 6. Be3 dxe5 7. fxe5 Bg7 8. Nf3
c5 9. d5 Bg4 10. Bf4 e6 11. Nc3 O-O 12. h3 Bxf3 13. Qxf3 exd5 14. cxd5 N8d7 15.
O-O-O Nxe5 16. Qg3 Nbd7 17. Kb1 c4 18. d6 Rb8 19. h4 h5 20. Bg5 Qa5 21. Rd5 Qa6
22. Be2 b5 23. Ne4 Qc6 24. Rhd1 b4 25. Bf3 c3 26. Rc5 Qb6 27. Nf6+ Bxf6 0-1

[Event "First Saturday 2008 szeptember IM-A"]
[Site "Budapest"]
[Date "2008.09.07"]
[Round "2"]
[White "Csirik, Andras"]
[Black "Lengyel, Bela"]
[Result "0-1"]
[WhiteElo "2272"]
[BlackElo "2286"]
[PlyCount "114"]
[EventDate "2008.09.06"]

1. e4 e5 2. Nf3 Nc6 3. Bb5 a6 4. Ba4 Nf6 5. O-O Be7 6. Re1 b5 7. Bb3 d6 8. c3
O-O 9. h3 Na5 10. Bc2 c5 11. d4 Qc7 12. Nbd2 Nc6 13. d5 Na5 14. b3 Bd7 15. Nf1
Nb7 16. Ng3 g6 17. Nh2 c4 18. b4 a5 19. Bh6 Rfc8 20. Qd2 Ra6 21. a3 Rca8 22.
Rac1 axb4 23. axb4 Ra2 24. f4 Ne8 25. f5 f6 26. Rf1 Nd8 27. fxg6 hxg6 28. Be3
Nf7 29. Rf2 Ng7 30. Rcf1 f5 31. exf5 gxf5 32. Nxf5 Bxf5 33. Rxf5 Nxf5 34. Rxf5
Ra1+ 35. Nf1 R8a2 36. Qf2 Bf8 37. Qg3+ Bg7 38. Be4 Re2 39. Rf3 Raa2 40. Rf6 Ra1
41. Rg6 Nh8 42. Rg5 Rae1 43. Bf5 Rxe3 44. Be6+ Kf8 45. Qf2+ Ke8 46. Kh2 R3e2
47. Qf3 Qe7 48. Qh5+ Kd8 49. Ng3 Rf2 50. Nf5 Rxf5 51. Rxf5 e4 52. Qg4 Kc7 53.
Rg5 Bxc3 54. Rg8 Be5+ 55. g3 Qf6 56. Rc8+ Kb7 57. Bf5 Bxg3+ 0-1

[Event "First Saturday 2008 szeptember IM-A"]
[Site "Budapest"]
[Date "2008.09.08"]
[Round "3"]
[White "To Nhat, Minh"]
[Black "Csirik, Andras"]
[Result "1/2-1/2"]
[WhiteElo "2322"]
[BlackElo "2272"]
[PlyCount "33"]
[EventDate "2008.09.06"]

1. e4 e5 2. Nf3 Nc6 3. Bb5 a6 4. Ba4 Nf6 5. O-O Be7 6. Re1 b5 7. Bb3 O-O 8. h3
Bb7 9. d3 d5 10. exd5 Nxd5 11. Nxe5 Nd4 12. Nc3 Nxb3 13. axb3 Nb4 14. Ne4 f5
15. Ng3 Qd5 16. Nf3 Qd7 17. Ne5 1/2-1/2

[Event "First Saturday 2008 szeptember IM-A"]
[Site "Budapest"]
[Date "2008.09.08"]
[Round "3"]
[White "Simonyi, Zoltan"]
[Black "Perez Aleman, Pedro T"]
[Result "1/2-1/2"]
[WhiteElo "2247"]
[BlackElo "2210"]
[PlyCount "103"]
[EventDate "2008.09.06"]

1. d4 Nf6 2. c4 g6 3. Nc3 Bg7 4. e4 d6 5. Be2 O-O 6. Be3 e5 7. d5 a5 8. c5 Nbd7
9. cxd6 cxd6 10. Rc1 b6 11. Nf3 Ng4 12. Bg5 f6 13. Bh4 h5 14. Nd2 Nc5 15. Nc4
Ba6 16. h3 Nh6 17. Ne3 b5 18. Bxb5 Nxe4 19. Bxa6 Nxc3 20. Rxc3 Rxa6 21. Qd3 Rb6
22. Qxg6 Rxb2 23. O-O Qe8 24. Qd3 Rb4 25. Rc4 e4 26. Qd2 Rxc4 27. Nxc4 Nf5 28.
Qf4 Qg6 29. Qxe4 Re8 30. Qd3 Nxh4 31. Qxg6 Nxg6 32. Nxa5 Ra8 33. Nc4 Rxa2 34.
Nxd6 Rd2 35. Nf5 Rxd5 36. Nxg7 Kxg7 37. Ra1 Nf4 38. Ra2 Kg6 39. Rb2 Re5 40. Kf1
Re1+ 41. Kxe1 Nd3+ 42. Kd2 Nxb2 43. Ke3 Nc4+ 44. Kf4 Nb6 45. Ke4 Nd7 46. Kf4
Nc5 47. Kf3 Kg5 48. Kg3 Ne6 49. Kf3 Ng7 50. Kg3 Kf5 51. Kf3 Ke5 52. Ke3 1/2-1/2

[Event "First Saturday 2008 szeptember IM-A"]
[Site "Budapest"]
[Date "2008.09.09"]
[Round "4"]
[White "Perez Aleman, Pedro T"]
[Black "Parkanyi, Attila"]
[Result "1-0"]
[WhiteElo "2210"]
[BlackElo "2393"]
[PlyCount "83"]
[EventDate "2008.09.06"]

1. Nf3 c5 2. c4 e6 3. Nc3 Nf6 4. e4 Nc6 5. Be2 a6 6. O-O Qc7 7. Re1 Be7 8. Bf1
d6 9. d4 cxd4 10. Nxd4 O-O 11. Be3 Ne5 12. f3 Bd7 13. Rc1 Rfc8 14. Qd2 Qd8 15.
b3 h6 16. Red1 Bf8 17. Kh1 Be8 18. f4 Nc6 19. Nf3 Rab8 20. Qe1 Qa5 21. a3 Qc7
22. b4 b6 23. b5 Na5 24. bxa6 Nb3 25. Rb1 Nc5 26. e5 dxe5 27. fxe5 Ng4 28. Bg1
h5 29. h3 Nh6 30. Nb5 Bxb5 31. cxb5 Nf5 32. Nd4 Nxd4 33. Rxd4 Nd7 34. Rbd1 Nxe5
35. Bh2 f6 36. Rd7 Qc5 37. Bxe5 fxe5 38. Qe4 Qc2 39. Qxe5 Qg6 40. Bd3 Qh6 41.
a7 Ra8 42. Be4 1-0

[Event "First Saturday 2008 szeptember IM-A"]
[Site "Budapest"]
[Date "2008.09.09"]
[Round "4"]
[White "Konnyu, Janos"]
[Black "Werner, Dimo"]
[Result "1-0"]
[WhiteElo "2314"]
[BlackElo "2329"]
[PlyCount "55"]
[EventDate "2008.09.06"]

1. e4 c6 2. d4 d5 3. Nd2 dxe4 4. Nxe4 Bf5 5. Ng3 Bg6 6. Nf3 Nd7 7. Bc4 e6 8.
O-O Bd6 9. Qe2 Qc7 10. Re1 O-O-O 11. c3 Ne7 12. Ne5 Bxe5 13. dxe5 Nb6 14. Bg5
Nxc4 15. Qxc4 Rd5 16. Qa4 Ra5 17. Qb3 h6 18. Bxe7 Qxe7 19. c4 Rd8 20. Re3 f6
21. exf6 Qxf6 22. Qb4 Ra6 23. c5 Rd4 24. Qe1 Qd8 25. a3 Raa4 26. Rxe6 Bf7 27.
Re7 Qd5 28. Re5 1-0

[Event "First Saturday 2008 szeptember IM-A"]
[Site "Budapest"]
[Date "2008.09.09"]
[Round "4"]
[White "Csirik, Andras"]
[Black "Lyell, Mark"]
[Result "0-1"]
[WhiteElo "2272"]
[BlackElo "2232"]
[PlyCount "102"]
[EventDate "2008.09.06"]

1. Nf3 f5 2. d3 Nc6 3. e4 e5 4. Nc3 Nf6 5. exf5 Bb4 6. d4 e4 7. Nh4 O-O 8. d5
Ne5 9. Qd4 Nfg4 10. Qxb4 Qxh4 11. Nd1 Rxf5 12. Qd4 Nxh2 13. Rxh2 Qxh2 14. d6
Nf7 15. Ne3 c5 16. Qc4 Rh5 17. g3 Qh1 18. Ng2 b5 19. Qxb5 Nxd6 20. Qa4 Rh2 21.
Bf4 Rxg2 22. Bxd6 Rg1 23. O-O-O Kh8 24. Qb5 Qh6+ 25. Kb1 Qe6 26. a4 a5 27. b3
Ba6 28. Qxa5 Rxf1 29. Rxf1 Qxd6 30. Re1 Bb7 31. Qb5 Qc6 32. Qe2 d5 33. Qh5 Qg6
34. Qe5 Re8 35. Qc7 Qc6 36. Qf4 d4 37. g4 Qf6 38. Qc7 Qxf2 39. Rh1 Qf3 40. Rh5
e3 41. Re5 Rg8 42. Qe7 Bc6 43. Kb2 c4 44. a5 cxb3 45. cxb3 Rb8 46. Rf5 Qe2+ 47.
Ka3 Rg8 48. Rf8 Bd5 49. Rf5 Bxb3 50. Qe5 Qa2+ 51. Kb4 Qa4+ 0-1

[Event "First Saturday 2008 szeptember IM-A"]
[Site "Budapest"]
[Date "2008.09.09"]
[Round "4"]
[White "Lengyel, Bela"]
[Black "To Nhat, Minh"]
[Result "0-1"]
[WhiteElo "2286"]
[BlackElo "2322"]
[PlyCount "130"]
[EventDate "2008.09.06"]

1. e4 Nf6 2. e5 Nd5 3. d4 d6 4. Nf3 c6 5. c4 Nc7 6. h3 dxe5 7. Nxe5 g6 8. Nc3
Bg7 9. Nf3 O-O 10. Be3 Be6 11. Be2 b5 12. cxb5 cxb5 13. Qd2 a6 14. Bh6 Nc6 15.
Rc1 Nxd4 16. Bxg7 Nxf3+ 17. Bxf3 Qxd2+ 18. Kxd2 Rad8+ 19. Ke3 Kxg7 20. b4 Nd5+
21. Bxd5 Bxd5 22. f3 Rd6 23. Rhd1 Rc8 24. a3 Re6+ 25. Kf2 Rec6 26. Rd3 Be6 27.
h4 h6 28. f4 Rc4 29. g3 g5 30. hxg5 hxg5 31. fxg5 Bf5 32. Rf3 e6 33. Ke1 Kg6
34. Kd2 Kxg5 35. Re3 Rd8+ 36. Ke1 Kg4 37. Ne2 Rxc1+ 38. Nxc1 Rh8 39. Nb3 Rd8
40. Nc5 Rd6 41. Rc3 e5 42. Re3 f6 43. Rc3 Rc6 44. Kf2 Bg6 45. Rc1 Rd6 46. Rc3
Rc6 47. Rc1 Bf7 48. Rd1 a5 49. Rd7 axb4 50. axb4 Bc4 51. Rg7+ Kh5 52. Rh7+ Kg6
53. Rd7 Rc8 54. Rd6 Re8 55. Ke3 Kf5 56. Ne4 Re6 57. Rd7 Ra6 58. Nc5 Ra3+ 59.
Kf2 Ra2+ 60. Kg1 Kg4 61. Rg7+ Kf3 62. Rg6 f5 63. Rg5 f4 64. gxf4 e4 65. Re5 e3
0-1

[Event "First Saturday 2008 szeptember IM-A"]
[Site "Budapest"]
[Date "2008.09.10"]
[Round "5"]
[White "Lyell, Mark"]
[Black "Lengyel, Bela"]
[Result "1-0"]
[WhiteElo "2232"]
[BlackElo "2286"]
[PlyCount "45"]
[EventDate "2008.09.06"]

1. e4 d6 2. Nc3 Nf6 3. f4 c5 4. Nf3 Nc6 5. Bb5 e6 6. O-O Be7 7. d3 O-O 8. Bxc6
bxc6 9. e5 Nd7 10. exd6 Bxd6 11. Ne4 Be7 12. b3 Nf6 13. Qe1 Nxe4 14. Qxe4 Qd5
15. Ne5 Bf6 16. Ba3 Ba6 17. Rae1 Rfc8 18. Qe3 Qd4 19. Bxc5 Qxe3+ 20. Rxe3 Bb7
21. f5 exf5 22. Rxf5 Re8 23. Rxf6 1-0

[Event "First Saturday 2008 szeptember IM-A"]
[Site "Budapest"]
[Date "2008.09.10"]
[Round "5"]
[White "Werner, Dimo"]
[Black "Csirik, Andras"]
[Result "0-1"]
[WhiteElo "2329"]
[BlackElo "2272"]
[PlyCount "102"]
[EventDate "2008.09.06"]

1. e4 c5 2. Nf3 g6 3. c3 Bg7 4. d4 cxd4 5. Bc4 d3 6. O-O d6 7. Qb3 e6 8. Rd1
Ne7 9. Rxd3 O-O 10. Bf4 d5 11. exd5 exd5 12. Bxd5 Be6 13. c4 Nxd5 14. cxd5 Bf5
15. Rd2 Nd7 16. Bd6 Re8 17. Nc3 Rc8 18. Qxb7 Nb6 19. Bg3 Nc4 20. Rad1 Nxd2 21.
Rxd2 Be4 22. Qxa7 Qf6 23. Nd4 Bxd5 24. h3 Ra8 25. Qd7 Rad8 26. Qb5 Bc6 27. Qb6
Bxg2 28. Qxf6 Bxf6 29. Kxg2 Rxd4 30. Rc2 Rc8 31. Re2 Rd7 32. Ne4 Bg7 33. Nd6
Rcd8 34. Nc4 f5 35. b3 g5 36. f3 f4 37. Bf2 Bd4 38. Bxd4 Rxd4 39. h4 gxh4 40.
Kh3 Rd3 41. Kg4 Rf8 42. Rh2 Rd1 43. Kxh4 Rf6 44. Kg5 Rf7 45. Rh4 h6+ 46. Kh5
Kh7 47. Rh2 Rg1 48. Nd6 Rf6 49. Rd2 Rfg6 50. Nf5 Rh1+ 51. Nh4 Rg5# 0-1

[Event "First Saturday 2008 szeptember IM-A"]
[Site "Budapest"]
[Date "2008.09.10"]
[Round "5"]
[White "Simonyi, Zoltan"]
[Black "Konnyu, Janos"]
[Result "0-1"]
[WhiteElo "2247"]
[BlackElo "2314"]
[PlyCount "156"]
[EventDate "2008.09.06"]

1. d4 d5 2. Nf3 Nf6 3. c4 c6 4. cxd5 cxd5 5. Nc3 a6 6. Bf4 Nc6 7. e3 Bg4 8. Be2
e6 9. O-O Be7 10. Ne5 Bxe2 11. Qxe2 Rc8 12. Rfc1 Qa5 13. Nd3 O-O 14. a3 Ne4 15.
Nxe4 dxe4 16. Nc5 Bxc5 17. Rxc5 Qa4 18. Rac1 Rcd8 19. Qg4 f5 20. Qe2 h6 21. h4
Rd7 22. Kh2 Qb3 23. f3 Rdf7 24. h5 Qb6 25. fxe4 fxe4 26. g3 Ne7 27. b4 Nd5 28.
Qg4 Kh8 29. Rc8 Qb5 30. Qg6 Qe2+ 31. Kh3 Nxf4+ 32. exf4 Rf5 33. Rxf8+ Rxf8 34.
Qg4 Qe3 35. Rc7 Qxd4 36. Qxe6 Qd3 37. Re7 Qf3 38. Kh4 Qh1+ 39. Qh3 Qe1 40. Qg2
Rxf4+ 41. Kh3 Rf5 42. Re8+ Kh7 43. Qxe4 Qxe4 44. Rxe4 Rxh5+ 45. Kg4 Rb5 46. Re6
Kg8 47. Re7 Kf8 48. Rc7 Kg8 49. Re7 Kh7 50. Re6 Rg5+ 51. Kf4 Rg6 52. Re7 b6 53.
Ra7 b5 54. Ra8 Rc6 55. Kg4 Kg6 56. Ra7 Kf6 57. Kh5 Rd6 58. Kg4 g6 59. Kf4 Rc6
60. Kg4 Ke5 61. Rh7 h5+ 62. Kg5 Rc3 63. Kxg6 Rxg3+ 64. Kf7 Rxa3 65. Rxh5+ Kd4
66. Ke6 Ra4 67. Rh4+ Kc3 68. Kd5 Rxb4 69. Rh3+ Kb2 70. Rh6 Rg4 71. Rxa6 b4 72.
Rb6 b3 73. Rb8 Kc2 74. Rc8+ Kb1 75. Rb8 b2 76. Rc8 Ka2 77. Ra8+ Kb3 78. Rb8+
Rb4 0-1

[Event "First Saturday 2008 szeptember IM-A"]
[Site "Budapest"]
[Date "2008.09.11"]
[Round "6"]
[White "Konnyu, Janos"]
[Black "Parkanyi, Attila"]
[Result "1/2-1/2"]
[WhiteElo "2314"]
[BlackElo "2393"]
[PlyCount "93"]
[EventDate "2008.09.06"]

1. d4 Nf6 2. c4 c5 3. Nf3 cxd4 4. Nxd4 Nc6 5. Nc3 g6 6. e4 Nxd4 7. Qxd4 d6 8.
Bg5 Bg7 9. Be2 O-O 10. Rc1 h6 11. Bh4 g5 12. Bg3 Nh5 13. Qd1 Nxg3 14. hxg3 Be6
15. O-O Rc8 16. Nd5 Bxd5 17. exd5 Qa5 18. Qb3 b6 19. Rc2 Qc5 20. Rd2 f5 21. Bd3
Be5 22. Qc2 f4 23. g4 Kg7 24. b3 Rf6 25. Bf5 Rh8 26. Rd3 h5 27. Rh3 hxg4 28.
Rxh8 Kxh8 29. Bxg4 Kg7 30. Rd1 Qb4 31. Qe2 Qc3 32. Rd3 Qa1+ 33. Rd1 Qc3 34. Bh5
Rh6 35. Be8 Rh8 36. Bd7 Rh4 37. Bf5 Kf6 38. Bb1 Kg7 39. Qe4 Rh6 40. Qf5 Bf6 41.
Bd3 Qe5 42. Qe6 Qxe6 43. dxe6 g4 44. Bf5 g3 45. fxg3 fxg3 46. Kf1 Rh1+ 47. Ke2
1/2-1/2

[Event "First Saturday 2008 szeptember IM-A"]
[Site "Budapest"]
[Date "2008.09.11"]
[Round "6"]
[White "Csirik, Andras"]
[Black "Simonyi, Zoltan"]
[Result "1/2-1/2"]
[WhiteElo "2272"]
[BlackElo "2247"]
[PlyCount "75"]
[EventDate "2008.09.06"]

1. e4 e5 2. Nf3 Nc6 3. Bb5 a6 4. Ba4 Nf6 5. O-O Be7 6. Re1 b5 7. Bb3 d6 8. c3
O-O 9. h3 Re8 10. d4 Bf8 11. Nbd2 g6 12. Nf1 Bg7 13. Ng3 Bb7 14. Bg5 h6 15. Bd2
Re7 16. Bc2 Qe8 17. d5 Nb8 18. b3 c6 19. c4 c5 20. a4 b4 21. Nh2 Kh7 22. Rf1
Nbd7 23. Qe2 Qf8 24. Rae1 Rae8 25. Qd1 Bc8 26. Ne2 Ng8 27. g4 Kh8 28. Ng3 a5
29. Kh1 Ndf6 30. Kg2 Nh7 31. Nf3 Ra7 32. Kh2 Qe7 33. Qc1 Rf8 34. Rg1 Bd7 35.
Rg2 Raa8 36. Reg1 Rae8 37. Bd1 Bc8 38. Kh1 1/2-1/2

[Event "First Saturday 2008 szeptember IM-A"]
[Site "Budapest"]
[Date "2008.09.11"]
[Round "6"]
[White "Lengyel, Bela"]
[Black "Werner, Dimo"]
[Result "1/2-1/2"]
[WhiteElo "2286"]
[BlackElo "2329"]
[PlyCount "41"]
[EventDate "2008.09.06"]

1. e4 e5 2. Nf3 Nc6 3. Bb5 a6 4. Ba4 Nf6 5. d3 d6 6. Nc3 Be7 7. Ne2 O-O 8. Ng3
Be6 9. O-O Nd7 10. c3 Rb8 11. d4 exd4 12. Nxd4 Nxd4 13. cxd4 d5 14. Bc2 Nb6 15.
e5 f5 16. Bd2 Rf7 17. f4 Nd7 18. b4 g6 19. Qe2 Nb6 20. Nh1 Nc4 21. Bc3 1/2-1/2

[Event "First Saturday 2008 szeptember IM-A"]
[Site "Budapest"]
[Date "2008.09.11"]
[Round "6"]
[White "To Nhat, Minh"]
[Black "Lyell, Mark"]
[Result "1-0"]
[WhiteElo "2322"]
[BlackElo "2232"]
[PlyCount "63"]
[EventDate "2008.09.06"]

1. e4 e5 2. Nf3 Nc6 3. Bb5 f5 4. Nc3 fxe4 5. Nxe4 Nf6 6. Qe2 d5 7. Nxf6+ gxf6
8. O-O Bg4 9. h3 Bh5 10. g4 Bg6 11. Nxe5 fxe5 12. Qxe5+ Qe7 13. Bxc6+ bxc6 14.
Qxh8 O-O-O 15. Qc3 d4 16. Qxc6 Be4 17. Qb5 Bd5 18. Qd3 h5 19. Qf5+ Be6 20. Qe4
hxg4 21. Re1 Rd6 22. hxg4 Qh4 23. d3 Be7 24. Bf4 Bd5 25. Qf5+ Kb7 26. Re4 Rd8
27. Rae1 Bc6 28. Bg3 Qh6 29. Qf4 Bg5 30. Qxc7+ Ka6 31. b4 Bxe4 32. b5+ 1-0

[Event "First Saturday 2008 szeptember IM-A"]
[Site "Budapest"]
[Date "2008.09.12"]
[Round "7"]
[White "Werner, Dimo"]
[Black "To Nhat, Minh"]
[Result "1/2-1/2"]
[WhiteElo "2329"]
[BlackElo "2322"]
[PlyCount "34"]
[EventDate "2008.09.06"]

1. d4 d5 2. c4 c6 3. Nf3 Nf6 4. e3 Bf5 5. Nc3 e6 6. Be2 Bd6 7. O-O Nbd7 8. Bd2
Ne4 9. Rc1 Nxd2 10. Nxd2 e5 11. cxd5 cxd5 12. Nb5 Bb8 13. Bg4 Bxg4 14. Qxg4 O-O
15. dxe5 Nxe5 16. Qe2 a6 17. Nd4 g6 1/2-1/2

[Event "First Saturday 2008 szeptember IM-A"]
[Site "Budapest"]
[Date "2008.09.12"]
[Round "7"]
[White "Simonyi, Zoltan"]
[Black "Lengyel, Bela"]
[Result "1/2-1/2"]
[WhiteElo "2247"]
[BlackElo "2286"]
[PlyCount "34"]
[EventDate "2008.09.06"]

1. d4 d5 2. c4 e6 3. Nc3 Nf6 4. Bg5 Nbd7 5. e3 Be7 6. Nf3 O-O 7. Rc1 c6 8. Bd3
h6 9. Bh4 dxc4 10. Bxc4 b5 11. Bd3 a6 12. a4 bxa4 13. Nxa4 Qa5+ 14. Nd2 Bb4 15.
Nc3 c5 16. O-O cxd4 17. Nb3 Qb6 1/2-1/2

[Event "First Saturday 2008 szeptember IM-A"]
[Site "Budapest"]
[Date "2008.09.12"]
[Round "7"]
[White "Parkanyi, Attila"]
[Black "Csirik, Andras"]
[Result "1-0"]
[WhiteElo "2393"]
[BlackElo "2272"]
[PlyCount "111"]
[EventDate "2008.09.06"]

1. e4 c5 2. Nc3 e6 3. g3 d5 4. exd5 exd5 5. Bg2 Nf6 6. Nge2 d4 7. Ne4 Nxe4 8.
Bxe4 Nd7 9. O-O Nf6 10. Bg2 Bd6 11. d3 O-O 12. c3 Re8 13. cxd4 cxd4 14. h3 Qb6
15. b3 Bf5 16. Bb2 Bc5 17. Rc1 Rad8 18. g4 Be6 19. Nf4 Bd5 20. Nxd5 Nxd5 21.
Qf3 Bb4 22. Rc4 Bc3 23. Bc1 Qd6 24. a4 b6 25. Bg5 f6 26. Bh4 Nf4 27. Bg3 Ne2+
28. Qxe2 Rxe2 29. Bxd6 Rxd6 30. Rc8+ Kf7 31. Be4 Rd7 32. Bxh7 g6 33. Bg8+ Kg7
34. Bc4 Rde7 35. Kg2 Rb2 36. h4 Be1 37. h5 gxh5 38. Rg8+ Kh7 39. Rh1 Rxf2+ 40.
Kg1 Re5 41. Ra8 a5 42. Rb8 Rf4 43. Rxh5+ Rxh5 44. gxh5 Bb4 45. Rxb6 Rf5 46. Bf7
Rg5+ 47. Kh2 Kg7 48. Rb7 Re5 49. Bg6+ Re7 50. Rb6 Rc7 51. Kh3 Re7 52. Kg4 Rc7
53. Be4 Re7 54. Rb5 Rc7 55. h6+ Kf7 56. h7 1-0

[Event "First Saturday 2008 szeptember IM-A"]
[Site "Budapest"]
[Date "2008.09.12"]
[Round "7"]
[White "Vegh, Endre"]
[Black "Konnyu, Janos"]
[Result "0-1"]
[WhiteElo "2298"]
[BlackElo "2314"]
[PlyCount "154"]
[EventDate "2008.09.06"]

1. d4 Nf6 2. c4 g6 3. Nc3 Bg7 4. e4 d6 5. f4 O-O 6. Nf3 c5 7. dxc5 Qa5 8. Bd3
Qxc5 9. Qe2 Bg4 10. Be3 Qa5 11. Rc1 Nc6 12. O-O Nd7 13. Qf2 Nc5 14. Bb1 Bxf3
15. gxf3 Rac8 16. Rfd1 Qb4 17. e5 Qxc4 18. Nd5 Qb5 19. Bxc5 dxc5 20. Rxc5 Qa6
21. b4 Qa4 22. Bc2 Qa3 23. Rd3 Qc1+ 24. Bd1 Qb1 25. Qd2 e6 26. Rc1 Qxd3 27.
Qxd3 exd5 28. Qxd5 Nxb4 29. Qd2 Nc6 30. Qe3 Bh6 31. Bb3 Rce8 32. Rc5 Rd8 33.
Bd5 Ne7 34. Be4 Rd7 35. Kg2 b6 36. Rb5 Kh8 37. Kg3 Rfd8 38. Qb3 Rd2 39. Rb4 Kg7
40. Rc4 R8d4 41. Rxd4 Rxd4 42. Qb2 Nf5+ 43. Kh3 Bxf4 44. e6 Be5 45. Bxf5 Rh4+
46. Kxh4 Bxb2 47. Bh3 f6 48. Bf1 Be5 49. Kh3 Kf8 50. Bc4 Ke7 51. Kg2 Bc7 52. h3
Bd8 53. f4 Kd6 54. Kf3 Be7 55. Ke4 f5+ 56. Kd3 h6 57. Ke3 Kc5 58. Bb3 b5 59.
Kd3 a5 60. Ke3 a4 61. Bc2 Kd5 62. Bd3 b4 63. Bc2 b3 64. axb3 a3 65. b4 Kc4 66.
Bb1 Kxb4 67. Kd4 Kb3 68. Bd3 a2 69. Bc4+ Kb2 70. Bxa2 Kxa2 71. Kd5 Kb3 72. Kc6
Kc4 73. Kd7 Bh4 74. Ke8 Kd5 75. Kf7 Ke4 76. Kxg6 Kxf4 77. Kxh6 Kg3 0-1

[Event "First Saturday 2008 szeptember IM-A"]
[Site "Budapest"]
[Date "2008.09.13"]
[Round "8"]
[White "Konnyu, Janos"]
[Black "Perez Aleman, Pedro T"]
[Result "1-0"]
[WhiteElo "2314"]
[BlackElo "2210"]
[PlyCount "75"]
[EventDate "2008.09.06"]

1. e4 c5 2. Nf3 Nc6 3. d4 cxd4 4. Nxd4 Nf6 5. Nc3 e5 6. Ndb5 d6 7. Bg5 a6 8.
Na3 b5 9. Nd5 Be7 10. Bxf6 Bxf6 11. c4 b4 12. Nc2 a5 13. g3 O-O 14. Bg2 Bg5 15.
h4 Bh6 16. O-O Be6 17. Qd3 Bxd5 18. Qxd5 Qb6 19. Rad1 Rfd8 20. Kh2 Rac8 21. Bh3
Rc7 22. Qd3 a4 23. b3 axb3 24. axb3 Na5 25. Kg2 Nb7 26. Qf3 Nc5 27. Ne3 Bxe3
28. Qxe3 Ra7 29. Rd5 Ra2 30. Rfd1 h6 31. h5 Kh7 32. Bf5+ g6 33. hxg6+ fxg6 34.
Rh1 Kg8 35. Qxh6 Rxf2+ 36. Kg1 Ne6 37. Qh8+ Kf7 38. Rh7+ 1-0

[Event "First Saturday 2008 szeptember IM-A"]
[Site "Budapest"]
[Date "2008.09.13"]
[Round "8"]
[White "Lengyel, Bela"]
[Black "Parkanyi, Attila"]
[Result "1/2-1/2"]
[WhiteElo "2286"]
[BlackElo "2393"]
[PlyCount "21"]
[EventDate "2008.09.06"]

1. e4 c5 2. Nf3 d6 3. d4 cxd4 4. Nxd4 Nf6 5. Nc3 g6 6. Be2 Bg7 7. O-O Nc6 8.
Nb3 O-O 9. Kh1 a6 10. Be3 b5 11. a4 1/2-1/2

[Event "First Saturday 2008 szeptember IM-A"]
[Site "Budapest"]
[Date "2008.09.13"]
[Round "8"]
[White "To Nhat, Minh"]
[Black "Simonyi, Zoltan"]
[Result "1-0"]
[WhiteElo "2322"]
[BlackElo "2247"]
[PlyCount "85"]
[EventDate "2008.09.06"]

1. e4 e5 2. Nf3 Nc6 3. Bb5 a6 4. Ba4 Nf6 5. O-O Be7 6. Re1 b5 7. Bb3 O-O 8. h3
Bb7 9. d3 Re8 10. a4 h6 11. Nc3 b4 12. Nd5 Nxd5 13. exd5 Na5 14. c3 bxc3 15.
bxc3 d6 16. Ba2 c6 17. dxc6 Bxc6 18. Nh2 Bg5 19. Ba3 Qd7 20. Bb4 Nb7 21. a5 Nc5
22. d4 exd4 23. Qxd4 Bf6 24. Qd2 Ne4 25. Qc2 Bh4 26. Re2 Rac8 27. Bc4 Bb7 28.
Bb3 Bf6 29. Rae1 Nc5 30. Ng4 Bg5 31. Ba2 h5 32. Bxc5 hxg4 33. Bd4 gxh3 34. Qg6
h2+ 35. Kxh2 Bf4+ 36. g3 Be5 37. Bxe5 dxe5 38. Rxe5 Rxe5 39. Rxe5 Bd5 40. Rxd5
fxg6 41. Rxd7+ Kh7 42. c4 Rc6 43. Kg2 1-0